=LDR 00000nam 2200000 4500 =001 INLIS000000000026569 =005 20130612125014 =008 ***********************************Ind** =035 ##$$0010-061300000026569 =041 ##$$a Ind =082 ##$$a 2X9.1 =090 ##$$a 2X9.1, Mub s =100 ##$$a Mubarakfury, syaikh =245 ##$$a Sejarah hidup muhammad, Sirah nabiyah, Saikh Mubarakfury =260 ##$$a 1998 $b Jakarta =300 ##$$a xxxvi,747 hlm, 22 cm =650 ##$$a Nabi muhammad SAW - Sejarah =700 ##$$a Tamhid =850 ##$$a NBPNMAT